01257nam a22003134a 4500001001200000003000800012006001900020007001500039008004100054010001700095020002800112040002100140035002000161050002600181082001400207245015300221260003800374300002400412504005100436533015200487650002400639650003100663650003100694655002900725700002600754700002000780710001700800856012600817ebr10088531CaPaEBRm u cr cn|||||||||040108s2004 maua sb 001 0 eng  z 2004041384 z1402077688 (alk. paper) aCaPaEBRcCaPaEBR a(OCoLC)5550570614aQA76.575bA915 2004eb04a006.722200aAudio signal processing for ext-generation multimedia communication systemsh[electronic resource] /cedited by Yiteng (Arden) Huang, Jacob Benesty. aBoston :bKluwer Academic,c2004. axiv, 374 p. :bill. aIncludes bibliographical references and index. aElectronic reproduction.bPalo Alto, Calif. :cebrary,d2013.nAvailable via World Wide Web.nAccess may be limited to ebrary affiliated libraries. 0aMultimedia systems. 0aTelecommunication systems. 0aSpeech processing systems. 7aElectronic books.2local1 aHuang, Yiteng,d1972-1 aBenesty, Jacob.2 aebrary, Inc.40uhttp://site.ebrary.com/lib/rucke/Doc?id=10088531zAn electronic book accessible through the World Wide Web; click to view